| 000 | 00468cam a2200193ua 4500 | ||
|---|---|---|---|
| 020 | _c12.00 | ||
| 041 |
_aeng _h |
||
| 082 |
_a950 _bCLY/FA |
||
| 100 | _aClyde, Paul H . | ||
| 245 |
_aFar east / _cH Paul Clyde. _hTextual Documents |
||
| 250 |
_a4 / _b. |
||
| 260 |
_aNew Delhi : _bPrentice Hall of India Pvt Ltd. , _c1966. |
||
| 300 | _a511 ; . | ||
| 365 | _a12.00 | ||
| 504 | _a | ||
| 700 | 1 | _aBeers , Burton F . | |
| 942 | _cBK | ||
| 999 |
_c6273 _d6273 |
||